00532nam a22001577a 450000500170000001000150001702000260003203500140005803700130007208200110008510000140009624501230011026000410023327000800027430000200035420200302131545.0 aENG-127947 a9788175247635c900.00 aEN-111479 bDBAD/PUB a796.07 aDubey,P.B aProfessional Preparation and Curriculum Design in Physical Education and Sports/cby P.B.Dubey [and] Ataullah Jagirdar aNew DelhibKhel Sahitya Kendrac2015 a7/26, Ansari Road, DaryaganjbNew Delhie110002mkhelsahitya@rediffmail.com a308p.c23cm(hb)